| 000 | 00000nam##2200000za#4500 |
| 001 | 9.613831 |
| 003 | CaOODSP |
| 005 | 20210929082757 |
| 007 | ta |
| 008 | 150406|1997||||xxc||||| f|0| 0 eng|d |
| 020 | |a0-662-25799-5 |
| 022 | |a1209-6571 |
| 040 | |aCaOODSP|beng |
| 043 | |an-cn--- |
| 086 | 1 |aFo29-47/3-1997E |
| 110 | 1 |aCanada. |bNatural Resources Canada. |bCanadian Forest Service. |
| 245 | 12|aA review of tree wounding|cby R. J. Nevill. |
| 260 | |aVictoria - British Columbia : |bNatural Resources Canada. |c1997. |
| 300 | |a4p. : |breferences ; |c28 cm. |
| 490 | 1 |aTechnology transfer note|x1209-6571|v3 |
| 563 | |aPamphlet |
| 590 | |a97-41|b1997-10-10 |
| 690 | 07|aTrees|2gcpds |
| 720 | 1 |aNevill, R. J. |
| 776 | 0#|tA review of tree wounding|w(CaOODSP)9.572358 |
| 830 | #0|aTechnology transfer note,|x1209-6571|v3|w(CaOODSP)9.514646 |